Statistics for Monster Jam World Finals RUNNER UPS

Click here to take the quiz!

General Stats

  • This quiz has been taken 26 times
  • The average score is 37 of 57

Answer Stats

HintAnswer% Correct
WF3 Racing, WF4 Racing, WF5 Freestyle, WF7 Racing, WF9 Racing, WF10 Freestyle, WF12 Racing, WF13 FreestyleBounty Hunter
100%
WF3 Freestyle, WF5 Freestyle, WF6 Racing, WF7 Freestyle, WF8 Racing, WF8 FreestyleDennis Anderson
100%
WF3 Freestyle, WF5 Freestyle, WF6 Racing, WF7 Freestyle, WF8 Racing, WF8 Freestyle, WF18 Racing, WF19 Young Guns, WF19 RacingGrave Digger
100%
WF16 Racing, WF16 FreestyleSon-Uva Digger
100%
WF2 Racing, WF6 Freestyle, WF14 Freestyle, WF17 Young GunsBlue Thunder
91%
WF1 RacingGunslinger
91%
WF3 Racing, WF4 Racing, WF5 Freestyle, WF7 Racing, WF9 Racing, WF10 Freestyle, WF12 Racing, WF13 FreestyleJimmy Creten
91%
WF11 Racing, WF15 Racing, WF18 Freestyle, WF20 ATV, WF20 Speedster Racing, WF20 Speedster ObstacleMAX-D
91%
WF13 Racing, WF15 Young Guns, WF17 Freestyle, WF19 FreestyleMonster Energy / Mutant
91%
WF16 Racing, WF16 FreestyleRyan Anderson
91%
WF9 FreestyleScarlet Bandit
91%
WF1 RacingScott Hartsock
91%
WF11 Racing, WF15 RacingTom Meents
91%
WF5 RacingBlacksmith
82%
WF20 High Jump, WF20 FreestyleCamden Murphy
82%
WF12 FreestyleCam McQueen
82%
WF11 Freestyle, WF13 Racing, WF17 FreestyleDamon Bradshaw
82%
WF9 FreestyleDawn Creten
82%
WF17 RacingMetal Mulisha
82%
WF12 FreestyleNitro Circus
82%
WF5 Racing, WF14 FreestylePablo Huffaker
82%
WF17 Racing, WF19 FreestyleTodd LeDuc
82%
WF20 RacingZombie Fire
82%
WF20 High Jump, WF20 FreestyleBakugan Dragonoid
73%
WF20 RacingBari Musawwir
73%
WF10 RacingCaptain's Curse
73%
WF18 FreestyleNeil Elliot
73%
WF6 FreestyleTony Farrell
73%
WF17 Young Guns, WF18 Racing, WF19 RacingTyler Menninga
73%
WF11 FreestyleUS Air Force Afterburner
73%
WF1 Freestyle, WF2 FreestyleWrenchhead.com
73%
WF10 RacingAlex Blackwell
64%
WF11 FreestyleAn Escalade
64%
WF20 Speedster ObstacleBlake Granger
64%
WF20 ATV, WF20 Speedster RacingColton Eichelberger
64%
WF4 Freestyle, WF14 RacingEl Toro Loco
64%
WF11 FreestyleGeorge Balhan
64%
WF4 FreestyleLupe Soza
64%
WF1 Freestyle, WF2 RacingLyle Hancock
64%
WF14 RacingMarc McDonald
64%
WF20 Two WheelEarthshaker
55%
WF2 FreestyleJill Canuso
55%
WF20 Two WheelTristan England
55%
WF15 Young GunsCoty Saucier
45%
WF15 FreestyleScott Buetow
45%
WF20 Young GunsSoldier Fortune: Black Ops
36%
WF15 FreestyleTeam Hot Wheels Firestorm
36%
WF20 Young GunsTony Ochs
36%
WF19 Young GunsBrandon Vinson
27%
WF14 Young GunsIron Man
27%
WF14 Young GunsMorgan Kane
27%
WF13 Young GunsAAP Grinder
9%
WF18 Young GunsEric Swanson
9%
WF13 Young GunsNicole Johnson
9%
WF18 Young GunsObsessed
9%
WF16 Young GunsColt Stephens
0%
WF16 Young GunsNEA Police
0%

Score Distribution

Percentile by Number Answered

Percent of People with Each Score

Your Score History

You have not taken this quiz